Deutsches Wörterbuch : Mit Einem Lexicon der Deutschen Sprachlehre /

Guardado en:
Bibliografiske detaljer
Hovedforfatter: Wahrig, Gerhard (autor)
Format: Bog
Sprog:German
Udgivet: Berlín, Alemania : Beterlsmann, 1975, c1975. 1980, c1980
Tags: Tilføj Tag
Ingen Tags, Vær først til at tagge denne postø!

MARC

LEADER 00000nam^a2200000^a^4500
001 000555777
005 20250526000000.0
009 20260310131725.848
020 |a 3-570-00771-5 
037 |a Acervo ITESO - Biblioteca 
041 |a ALE 
091 |a FHA. 01099 
100 |a Wahrig, Gerhard  |e (autor) 
245 1 0 |a Deutsches Wörterbuch :  |b Mit Einem Lexicon der Deutschen Sprachlehre / 
264 4 |a Berlín, Alemania :  |b Beterlsmann, 1975, c1975.  |c 1980, c1980 
300 |a 4356 p. ;  |c 24.0 cm. 
336 |a texto  |b txt  |2 rdacontenido 
337 |a sin mediación  |b n  |2 rdamedio 
338 |a volumen  |b nc  |2 rdasoporte 
515 |a Inventario familia Hartung: 1400 
649 |a XX 
910 |a Fondo Horst Hartung Franz 
920 |a Impresos - Libros 
930 |a Libros Antiguos y Raros 
905 |a 135 
901 |a 0500334041  |b IT2  |c LRA  |i D  |u 20250526 
902 |a https://opac.biblio.iteso.mx/vufind/Record/000555777